<?xml version="1.0" encoding="UTF-8"?>
<record
    xmlns:xsi="http://www.w3.org/2001/XMLSchema-instance"
    xsi:schemaLocation="http://www.loc.gov/MARC21/slim http://www.loc.gov/standards/marcxml/schema/MARC21slim.xsd"
    xmlns="http://www.loc.gov/MARC21/slim">

  <leader>00334nam a2200145Ia 4500</leader>
  <controlfield tag="008">191201s2009    xx            000 0 und d</controlfield>
  <datafield tag="082" ind1=" " ind2=" ">
    <subfield code="a">005.74</subfield>
    <subfield code="b">SID</subfield>
  </datafield>
  <datafield tag="100" ind1=" " ind2=" ">
    <subfield code="a">SILBERSCHATZ, Abraham</subfield>
  </datafield>
  <datafield tag="245" ind1=" " ind2="0">
    <subfield code="a">Database Systems Concepts</subfield>
  </datafield>
  <datafield tag="250" ind1=" " ind2=" ">
    <subfield code="a">5th</subfield>
  </datafield>
  <datafield tag="260" ind1=" " ind2=" ">
    <subfield code="a">N.Delhi</subfield>
    <subfield code="b">TMH</subfield>
    <subfield code="c">2009</subfield>
  </datafield>
  <datafield tag="300" ind1=" " ind2=" ">
    <subfield code="a">1142</subfield>
  </datafield>
  <datafield tag="650" ind1=" " ind2=" ">
    <subfield code="a">MCA</subfield>
  </datafield>
  <datafield tag="942" ind1=" " ind2=" ">
    <subfield code="2">ddc</subfield>
    <subfield code="c">BK</subfield>
  </datafield>
  <datafield tag="999" ind1=" " ind2=" ">
    <subfield code="c">4118</subfield>
    <subfield code="d">4118</subfield>
  </datafield>
  <datafield tag="952" ind1=" " ind2=" ">
    <subfield code="0">0</subfield>
    <subfield code="1">0</subfield>
    <subfield code="2">ddc</subfield>
    <subfield code="4">0</subfield>
    <subfield code="7">0</subfield>
    <subfield code="8">MCA</subfield>
    <subfield code="a">PIET</subfield>
    <subfield code="b">PIET</subfield>
    <subfield code="d">2009-10-10</subfield>
    <subfield code="e">The book company</subfield>
    <subfield code="g">10.00</subfield>
    <subfield code="k">SI-175</subfield>
    <subfield code="l">2</subfield>
    <subfield code="o">005.74 SID</subfield>
    <subfield code="p">13724</subfield>
    <subfield code="r">2024-03-07 00:00:00</subfield>
    <subfield code="s">2024-03-05</subfield>
    <subfield code="w">2009-10-03</subfield>
    <subfield code="y">BK</subfield>
  </datafield>
  <datafield tag="952" ind1=" " ind2=" ">
    <subfield code="0">0</subfield>
    <subfield code="1">0</subfield>
    <subfield code="2">ddc</subfield>
    <subfield code="4">0</subfield>
    <subfield code="7">0</subfield>
    <subfield code="8">MCA</subfield>
    <subfield code="a">PIET</subfield>
    <subfield code="b">PIET</subfield>
    <subfield code="d">2009-10-10</subfield>
    <subfield code="e">The book company</subfield>
    <subfield code="g">10.00</subfield>
    <subfield code="k">SI-175</subfield>
    <subfield code="l">1</subfield>
    <subfield code="o">005.74 SID</subfield>
    <subfield code="p">13725</subfield>
    <subfield code="r">2022-05-10 00:00:00</subfield>
    <subfield code="s">2022-04-23</subfield>
    <subfield code="w">2009-10-03</subfield>
    <subfield code="y">BK</subfield>
  </datafield>
  <datafield tag="952" ind1=" " ind2=" ">
    <subfield code="0">0</subfield>
    <subfield code="1">0</subfield>
    <subfield code="2">ddc</subfield>
    <subfield code="4">0</subfield>
    <subfield code="7">0</subfield>
    <subfield code="8">CSECS</subfield>
    <subfield code="a">PIET</subfield>
    <subfield code="b">PIET</subfield>
    <subfield code="d">2009-10-10</subfield>
    <subfield code="e">The book company</subfield>
    <subfield code="g">10.00</subfield>
    <subfield code="k">SI-175</subfield>
    <subfield code="l">0</subfield>
    <subfield code="o">005.74 SID</subfield>
    <subfield code="p">13726</subfield>
    <subfield code="r">2019-12-04 00:00:00</subfield>
    <subfield code="w">2009-10-03</subfield>
    <subfield code="y">BK</subfield>
  </datafield>
  <datafield tag="952" ind1=" " ind2=" ">
    <subfield code="0">0</subfield>
    <subfield code="1">0</subfield>
    <subfield code="2">ddc</subfield>
    <subfield code="4">0</subfield>
    <subfield code="7">0</subfield>
    <subfield code="8">CSECS</subfield>
    <subfield code="a">PIET</subfield>
    <subfield code="b">PIET</subfield>
    <subfield code="d">2009-10-10</subfield>
    <subfield code="e">The book company</subfield>
    <subfield code="g">10.00</subfield>
    <subfield code="k">SI-175</subfield>
    <subfield code="l">2</subfield>
    <subfield code="o">005.74 SID</subfield>
    <subfield code="p">13727</subfield>
    <subfield code="r">2023-06-12 00:00:00</subfield>
    <subfield code="s">2023-06-06</subfield>
    <subfield code="w">2009-10-03</subfield>
    <subfield code="y">BK</subfield>
  </datafield>
  <datafield tag="952" ind1=" " ind2=" ">
    <subfield code="0">0</subfield>
    <subfield code="1">0</subfield>
    <subfield code="2">ddc</subfield>
    <subfield code="4">0</subfield>
    <subfield code="7">0</subfield>
    <subfield code="8">CSEAIML</subfield>
    <subfield code="a">PIET</subfield>
    <subfield code="b">PIET</subfield>
    <subfield code="d">2009-10-10</subfield>
    <subfield code="e">The book company</subfield>
    <subfield code="g">10.00</subfield>
    <subfield code="k">SI-175</subfield>
    <subfield code="l">1</subfield>
    <subfield code="o">005.74 SID</subfield>
    <subfield code="p">13728</subfield>
    <subfield code="q">2025-08-25</subfield>
    <subfield code="r">2025-02-06 00:00:00</subfield>
    <subfield code="s">2025-02-06</subfield>
    <subfield code="w">2009-10-03</subfield>
    <subfield code="y">BK</subfield>
  </datafield>
</record>
